Extrémofilná achitektúra

Uložené v:
Podrobná bibliografia
Hlavný autor: Ščepková, Vanessa (Autor)
Ďalší autori: Legény, Ján (Vedúci práce)
Médium: Rukopis Kniha
Jazyk:Slovak
Vydavateľské údaje: 2025
Predmet:
On-line prístup:http://is.stuba.sk/zp/portal_zp.pl?podrobnosti=178910
Tagy: Pridať tag
Žiadne tagy, Buďte prvý, kto otaguje tento záznam!

MARC

LEADER 00000ntm a22000003a 4500
001 stuzp104325
003 SK-STU
005 20250607210511.9
007 ta
008 150427s2015----xo-----f-mn---000-0-slo-d
040 |a STU  |b slo 
041 0 |a slo 
100 1 |a Ščepková, Vanessa  |u 052120  |4 aut  |U FAD Fakulta architektúry a dizajnu  |T FAD Ústav ekologickej a experimentálnej architektúry  |X 88130  |U A2120  |Y 393  |7 88130 
242 0 1 |a Extremophile architecture  |y eng 
245 1 0 |a Extrémofilná achitektúra 
260 |c 2025 
650 4 |a adaptation  |2 eng 
650 4 |a resilience  |2 eng 
650 4 |a extremes  |2 eng 
650 4 |a adaptácia  |2 slo 
650 4 |a odolnosť  |2 slo 
650 4 |a extrémy  |2 slo 
700 1 |a Legény, Ján  |u 052120  |k Z1  |4 ths  |U FAD Fakulta architektúry a dizajnu  |T FAD Ústav ekologickej a experimentálnej architektúry  |X 15369  |U A2120  |Y 393  |7 A000015369 
856 4 |u http://is.stuba.sk/zp/portal_zp.pl?podrobnosti=178910